Jak postupovat při ztrátě zaměstnání

Enregistré dans:
Détails bibliographiques
Auteur principal: Jouza, Ladislav
Format: Livre
Langue:tchèque
Publié: Praha PETRKLÍČ 1991
Édition:1. vyd.
Tags: Ajouter un tag
Pas de tags, Soyez le premier à ajouter un tag!

MARC

LEADER 00000nam a2200000 4500
001 c026596
005 20221214093907.6
041 0 |a cze 
044 |a CZ 
245 1 0 |a Jak postupovat při ztrátě zaměstnání  |c Ladislav Jouza 
250 |a 1. vyd. 
264 1 |a Praha  |b PETRKLÍČ  |c 1991 
300 |a 59 s. 
100 1 |a Jouza, Ladislav